000 00610nam a2200193Ia 4500
003 GCL
008 140319s9999 xx 000 0 ara d
020 _a4086286977
040 _aGCL /
_cGCL
082 0 4 _a809
_bم ا
100 1 _aمحمد غنيمى هلال
245 1 0 _aالادب المقارن /
_cمحمد غنيمى هلال
260 _aالقاهرة :
_bنهضة مصر للطباعة والنشر والتوزيع ،
_c1977
300 _a454 ص ؛
_c24 سم
650 0 4 _aالادب
650 0 4 _aالادب - تاريخ ونقد
650 0 4 _aالادب المقارن
942 _2ddc
_cBK
999 _c31234
_d31234